000 00731nam a22002537a 4500
003 UA-OsUOA
001 92436
007 ta
008 20121217b un ||||| |||| 00| 0 ukr d
100 _aАрагон
090 _a821.133.1
_bА79
942 _cBK
040 _aUA-OsUOA
_brus
_cUA-OsUOA
_dUA-OsUOA
245 _aСобрание сочинений в одиннадцати томах
_bТ. 5
_cКоммунисты
300 _a541 с.
955 _a3
041 _arus
080 _a821.133.1
260 _aМ.
_bХудожественная литература
_c1959
246 3 1 _aКн. 1, 2
_n
044 _aRU
650 7 _a82 Література. Літературознавство
_2UDC
999 _c378681
_d378681